Podpora kvality služieb v sieťach na báze softvérovo definovaných sietí
Saved in:
| Main Author: | |
|---|---|
| Other Authors: | |
| Format: | Manuscript Book |
| Language: | Slovak |
| Published: |
2019
|
| Subjects: | |
| Online Access: | http://is.stuba.sk/zp/portal_zp.pl?podrobnosti=131606 |
| Tags: |
No Tags, Be the first to tag this record!
|
MARC
| LEADER | 00000ntm a22000003a 4500 | ||
|---|---|---|---|
| 001 | stuzp75066 | ||
| 003 | SK-STU | ||
| 005 | 20190715142445.2 | ||
| 007 | ta | ||
| 008 | 150427s2015----xo-----f-mn---000-0-slo-d | ||
| 040 | |a STU |b slo | ||
| 041 | 0 | |a slo | |
| 044 | |a xo | ||
| 100 | 1 | |a Hanák, Samuel |u 070400 |4 aut |U FIIT Fakulta informatiky a informačných technológií |T FIIT Ústav počítačového inžinierstva a aplikovanej informatiky |X 79541 |U I400 |Y 672 |7 79541 | |
| 242 | 0 | 1 | |a Support of quality of service in network based on software defined networking |y eng |
| 245 | 1 | 0 | |a Podpora kvality služieb v sieťach na báze softvérovo definovaných sietí |
| 260 | |c 2019 | ||
| 650 | 4 | |a Softvérovo definované siete |2 slo | |
| 650 | 4 | |a Ryu |2 slo | |
| 650 | 4 | |a Mininet |2 slo | |
| 650 | 4 | |a EH-LARAC |2 slo | |
| 650 | 4 | |a SDN |2 slo | |
| 650 | 4 | |a Kvalita služieb |2 slo | |
| 650 | 4 | |a QoS |2 slo | |
| 650 | 4 | |a LARAC |2 slo | |
| 650 | 4 | |a QoS |2 eng | |
| 650 | 4 | |a Software defined networking |2 eng | |
| 650 | 4 | |a SDN |2 eng | |
| 650 | 4 | |a Quality of service |2 eng | |
| 650 | 4 | |a LARAC |2 eng | |
| 650 | 4 | |a Mininet |2 eng | |
| 650 | 4 | |a Ryu |2 eng | |
| 650 | 4 | |a EH-LARAC |2 eng | |
| 700 | 1 | |a Trúchly, Peter |u 070400 |k Z1 |4 ths |U FIIT Fakulta informatiky a informačných technológií |T FIIT Ústav počítačového inžinierstva a aplikovanej informatiky |X 1917 |U I400 |Y 672 |7 1917 | |
| 856 | 4 | |u http://is.stuba.sk/zp/portal_zp.pl?podrobnosti=131606 | |
| 996 | |c I*BAP8/19 |l II680 |s P |a 0 |w stuzp75066_0001 | ||